| 000 | 00755nam a22002177a 4500 | ||
|---|---|---|---|
| 999 |
_c10236 _d10236 |
||
| 003 | AR-CdUCM | ||
| 008 | 190329b ||||| |||| 00| 0 spa d | ||
| 040 |
_aMUNICIPALIDAD PROVINCIAL DEL CUSCO _cBIBLIOTECA MUNICIPAL DEL CUSCO |
||
| 082 |
_a345.71 / _bOV93 / 1853 |
||
| 100 |
_aOviedo, Juan _926962 |
||
| 245 | _aPractica Forense Peruana / | ||
| 260 |
_aLima : _bImprenta de Eusebio Aranda, _c1853. |
||
| 300 |
_a262 paginas ; _c18 cm. |
||
| 505 | _aContenido: de la juridiccion -- de las diligencias -- juicios ordinarios simples -- recursos extraordinarios -- juicios dobles... | ||
| 650 |
_aMedidas cautelares _98495 |
||
| 650 |
_aPerĂº _935 |
||
| 650 |
_aEmbargo _926963 |
||
| 650 |
_aJurisprudencia _9927 |
||
| 942 |
_2ddc _cLIBROS |
||
| 945 | _apjha | ||